Регионална библиотека "Любен Каравелов" - Русе

Какво са чувствата? (Запис номер 390229)

MARC детайли
000 -Лидер
Контролно поле с фиксирана дължина 01444nam a2200325 a 4500
003 - Код на организацията, давaща контролен номер
Контролно поле BLK
005 - Дата и час на последна редакция
Контролно поле 20250802140510.0
008 - Елементи от данни с фиксирана дължина
fixed length control field 201016b bu |||||r|||| 00| | bu d
020 ## - Международен стандартен номер на книга ISBN
Международен стандартен номер на книга ISBN 9786191994588
020 ## - Международен стандартен номер на книга ISBN
Международен стандартен номер на книга ISBN 3800083826163
040 ## - Източник на каталожния запис
Идентификатор на билиотеката - собственик на записа BLK
041 ## - Код за език
Код за езика на текст/звукозапис или на отделно заглавие Български
Код за езика КДБФ Български
080 ## - УДК
Текстов определител УДК Издания за деца и юноши. Книжки-картинки. Читанки. Вж и 372.4
УДК код - определител по УДК 087.5
УДК - код + определител 087.5
100 ## - Редна дума - Автор
R(LIN) 1299
Автор Дейнс, Кейти
Авторска отговорност първи автор
139 ## - Редно поле
Редна дума Дейнс, Кейти
Авторски знак Деи - Д 34
245 ## - Сведения за заглавието
Заглавие Какво са чувствата?
Подзаглавни данни Първи въпроси и отговори : погледни под капачето
Редно поле (дума) Кейти Дейнс ; ил. Кристин Пим ; прев. [от англ.] Албена Раленкова
260 ## - Област на издателските данни
9 (RLIN) 209475
Място на издаване, разпространение и проч. София
Име на издателя, разпространителя и проч. Фют
Година на издаване 2019
Издателство - префикс ISBN 978-619-199- ; 978-954-625-
300 ## - Физическа характеристика
Размери/Мащаб 23 см
Страници 12 с.
Илюстрации и др. с цв. ил.
380 ## - Жанр
Жанр Детска отраслова лит.
501 ## - Забележка „подвързано към”
Забележка: Подвързано към... Кор. опис. - Ориг. загл.: What are feelings? / Katie Daynes.
700 ## - Други автори (авторска отговорност)
9 (RLIN) 599
Лично име Пим, Кристин
Автороска отговорност (Описва отношението между автора и произведението) ил.
700 ## - Други автори (авторска отговорност)
Лично име Раленкова, Албена Василева
Дати, свързани с автора 1968 -
Друга информация Преводач от английски и френски език.
9 (RLIN) 368050
852 ## - Местоположение
Форматна сигнатура Цб 304374
Фондова буква Хранилище
999 ## - СИСТЕМНИ КОНТРОЛНИ НОМЕРА
Koha biblionumber 390229
Koha biblioitemnumber 390229
942 ## - АРТИКУЛИ
Вид на библиотечния материал Книги
Скрит в OPAC Не
Периодичен библиозапис Да
Koha issues (borrowed), all copies 115
944 ## - СЪЗДАВАНЕ И РЕДАКЦИЯ на ЗАПИСА
Създаване/Редакция Създаване
Служител, извършил регистрацията/редакцията 30531
Статус, дата на статуса Цветелина Шанова
944 ## - СЪЗДАВАНЕ И РЕДАКЦИЯ на ЗАПИСА
Създаване/Редакция Редакция
Служител, извършил регистрацията/редакцията К.Д.
Дата на регистрацията/редакция 2020-11-18
999 ## - СИСТЕМНИ КОНТРОЛНИ НОМЕРА
Koha biblioitemnumber 390229
999 ## - СИСТЕМНИ КОНТРОЛНИ НОМЕРА
Koha biblioitemnumber 390229
999 ## - СИСТЕМНИ КОНТРОЛНИ НОМЕРА
Koha biblioitemnumber 390229
Наличности
Код за отписване Код за изгубен артикул Източник на класификационната схема Код за повреда Коз за рестрикции Код за отдаване Артикулен № Име на библиотеката - собственик Име на библиотеката, в която се намира в момента Статус (Текущо местоположение) Дата на вписване в системата Местоположение - отдел Цена в лева Систематично азбучна сигнатура Баркод Цена в евро Служебен тип на артикула
  Не е изгубен Universal Decimal Classification Не е повреден само за читалня ползва се в читалня 805124 Регионална библиотека "Любен Каравелов" Русе Регионална библиотека "Любен Каравелов" Русе Хранилище 2020-11-13 Хранилище 14.90 Цб 304374 120000849746 7.62 Книги
  Не е изгубен Universal Decimal Classification Не е повреден без рестрикции заемане за дома 816537 Регионална библиотека "Любен Каравелов" Русе Регионална библиотека "Любен Каравелов" Русе Детски отдел 2021-03-17 Детски отдел 11.92 0/Д 34 К 120000853723 6.09 Книги
  Не е изгубен Universal Decimal Classification Не е повреден без рестрикции заемане за дома 816538 Регионална библиотека "Любен Каравелов" Русе Регионална библиотека "Любен Каравелов" Русе Детски отдел 2021-03-17 Детски отдел 11.92 0/Д 34 К 120000853724 6.09 Книги
  Не е изгубен Universal Decimal Classification Не е повреден без рестрикции заемане за дома 862081 Регионална библиотека "Любен Каравелов" Русе Регионална библиотека "Любен Каравелов" Русе Детски отдел 2021-11-16 Детски отдел 11.18 087.5/Д 34 К 120000862575 5.72 Книги
  Не е изгубен Universal Decimal Classification Не е повреден без рестрикции заемане за дома 862082 Регионална библиотека "Любен Каравелов" Русе Регионална библиотека "Любен Каравелов" Русе Детски отдел 2021-11-16 Детски отдел 11.18 087.5/Д 34 К 120000862574 5.72 Книги
Vip Innovations Ltd, Rousse, Bulgaria 2025